| 000 | 01139nam a2200289 i 4500 | ||
|---|---|---|---|
| 001 | 66680 | ||
| 003 | ES-MaACL | ||
| 005 | 20230906165756.0 | ||
| 007 | t| | ||
| 008 | 030402r20021793sp |||| | spa d | ||
| 020 | _a84-259-1219-9 | ||
| 080 | _a354.12(460) | ||
| 080 | _a35(8=134.2)"17/18" | ||
| 100 | 1 |
_aBajamar, Antonio Porlier _cMarqués de. _924753 |
|
| 245 | 1 | 0 |
_aDiscursos al Consejo de Indias / _cMarqués de Bajamar ; edición y estudio preliminar de Mª Soledad Campos Díez. |
| 260 |
_aMadrid : _bCentro de Estudios Políticos y Constitucionales, _c2002. |
||
| 300 |
_aLXXI, 196 p. ; _c23 cm. |
||
| 490 | 1 | _aClásicos del pensamiento político y constitucional español | |
| 500 | _aReprod. de discursos publicados entre 1793 y 1806. | ||
| 610 | 2 |
_aConsejo de Indias. _9175508 |
|
| 651 |
_aAmérica española- _xAdministración. _9168386 |
||
| 700 | 1 |
_aCampos Díez, María Soledad. _934266 |
|
| 710 | 2 |
_aCentro de Estudios Políticos y Constitucionales (España) _92666 |
|
| 830 | 0 |
_aClásicos del pensamiento político y constitucional español _9180380 |
|
| 852 |
_aES-MaACL _jL-27147 |
||
| 999 |
_c66680 _d66680 |
||